00230nam a2200097Ia 4500008004000000082001100040100001800051245002200069260002600091650001500117210210b1968 xxu||||| |||| 00| 0 eng d a150/36 aGRAY, F.S. Ed aPsychology in use abNot Mentionedc1968 aPsychology